Пролетали лебеди: рассказы; для среднего и старшего школьного возраста

Manylion Llyfryddiaeth
Prif Awdur: Абрамов Ф. А. Федор Александрович
Awduron Eraill: Акимов В. (составитель), Слепков А. (иллюстратор)
Iaith:Rwseg
Cyhoeddwyd: Ленинград, Детская литература, 1989
Pynciau:
Fformat: Llyfr
KOHA link:https://koha.lib.tpu.ru/cgi-bin/koha/opac-detail.pl?biblionumber=154118

MARC

LEADER 00000nam0a2200000 4500
001 154118
005 20231101221735.0
010 |a 5080002069 
035 |a (RuTPU)RU\TPU\book\167174 
035 |a RU\TPU\book\142223 
090 |a 154118 
100 |a 20090220d1989 d y0rusy5003 ca 
101 0 |a rus 
102 |a RU 
105 |a a z 000ay 
200 1 |a Пролетали лебеди  |e рассказы  |e для среднего и старшего школьного возраста  |f Ф. А. Абрамов  |g сост. В. Акимов ; худож. А. Слепков 
210 |a Ленинград  |c Детская литература  |d 1989 
215 |a 144 с.  |c ил.  |d 21 см. 
610 1 |a детская литература 
610 1 |a рассказы 
675 |a Р2  |z rus 
700 1 |a Абрамов  |b Ф. А.  |c русский писатель  |f 1920-1983  |g Федор Александрович  |2 stltpush  |3 (RuTPU)RU\TPU\pers\20883  |9 8581 
702 1 |a Акимов  |b В.  |4 220 
702 1 |a Слепков  |b А.  |4 440 
801 0 |a RU  |b RuMRKP  |c 19950704  |g psbo 
801 1 |a RU  |b 63413507  |c 20080215  |g PSBO 
801 2 |a RU  |b 63413507  |c 20090915  |g PSBO 
942 |c BK